[Event "Moscow Open"]
[Site "Moscow RUS"]
[Date "2015.02.01"]
[Round "2.1"]
[White "Ian Nepomniachtchi"]
[Black "Ulvi Sadikhov"]
[Result "1-0"]
[WhiteElo "2714"]
[BlackElo "2414"]
[Annotator "Wall,Bill"]
[PlyCount "43"]
[EventDate "2015.01.31"]

1. e4 d6 2. d4 Nf6 3. Nc3 e5 4. Nf3 Nbd7 5. Bc4 Be7 6. a4 O-O 7. O-O a5 8. h3
c6 9. Ba2 h6 10. Be3 Re8 11. Re1 exd4 12. Nxd4 Bf8 13. Qf3 Ne5 14. Qg3 Nh5 15.
Qh2 d5 16. exd5 Bd6 17. Qh1 Ng6 $2 (17... Bd7) 18. dxc6 bxc6 19. Nxc6 Qd7 20.
Rad1 Bb7 21. Nb5 Qxc6 22. Nxd6 1-0

[Event "Moscow Open"]
[Site "Moscow RUS"]
[Date "2015.02.01"]
[Round "2.5"]
[White "Ernesto Inarkiev"]
[Black "Tigran Simonian"]
[Result "1-0"]
[WhiteElo "2675"]
[BlackElo "2412"]
[Annotator "Wall,Bill"]
[PlyCount "50"]
[EventDate "2015.01.31"]

1. e4 c5 2. Nf3 e6 3. d4 cxd4 4. Nxd4 Nc6 5. Nc3 Qc7 6. Be3 a6 7. Qd2 Nf6 8.
O-O-O Bb4 9. f3 Ne7 10. Nde2 b5 11. Kb1 Ba5 12. Bf4 e5 13. Bg5 Qc6 14. Qd3 h6
15. Bh4 g5 16. Be1 Qc7 $6 (16... Ng6) 17. h4 Rg8 $2 (17... g4) 18. hxg5 hxg5
19. Qd6 (19. Rh6) 19... b4 20. Qxf6 bxc3 21. Rh7 Rf8 22. Bxc3 Bxc3 23. Nxc3 Rb8
24. Nd5 Nxd5 25. Rxd5 Rh8 1-0

[Event "Moscow Open"]
[Site "Moscow RUS"]
[Date "2015.02.01"]
[Round "2.7"]
[White "Alexandr Demin"]
[Black "Vladimir3 Fedoseev"]
[Result "0-1"]
[WhiteElo "2410"]
[BlackElo "2668"]
[Annotator "Wall,Bill"]
[PlyCount "48"]
[EventDate "2015.01.31"]

1. d4 g6 2. Nf3 Bg7 3. c4 Nf6 4. Nc3 d5 5. cxd5 Nxd5 6. e4 Nxc3 7. bxc3 c5 8.
Be3 Qa5 9. Qd2 O-O 10. Rc1 e6 11. Bd3 b6 12. Bh6 Nc6 13. Bxg7 Kxg7 14. h4 h5
15. e5 Ba6 16. Be4 Rac8 17. Qg5 $2 (17. Rc2) 17... Qxa2 18. Qf6+ Kg8 19. Rc2 $2
(19. Nd2) 19... Qb1+ 20. Kd2 Qxh1 21. Bxg6 Na5 22. Ra2 Nb3+ 23. Kc2 Bc4 24. Qg5
Qc1+ 0-1

[Event "Moscow Open"]
[Site "Moscow RUS"]
[Date "2015.02.02"]
[Round "3.4"]
[White "Ogulcan Kanmazalp"]
[Black "Boris Grachev"]
[Result "0-1"]
[WhiteElo "2457"]
[BlackElo "2670"]
[Annotator "Wall,Bill"]
[PlyCount "44"]
[EventDate "2015.01.31"]

1. e4 c5 2. Nf3 e6 3. d4 cxd4 4. Nxd4 Nc6 5. Nc3 Qc7 6. Be2 Nf6 7. Be3 Be7 8.
f4 d6 9. g4 a6 10. g5 Nd7 11. Rf1 b5 12. Nxc6 Qxc6 13. Qd4 O-O 14. O-O-O Rb8
15. f5 b4 16. Nd5 exd5 17. f6 Bd8 18. exd5 Qb7 19. Qh4 Ne5 20. fxg7 Re8 21. Bh5
(21. Kb1) 21... Qd7 22. Bd4 (22. Qf4) 22... Qh3 0-1

[Event "Moscow Open"]
[Site "Moscow RUS"]
[Date "2015.02.04"]
[Round "5.9"]
[White "Rauf Mamedov"]
[Black "Nikita Petrov"]
[Result "1-0"]
[WhiteElo "2642"]
[BlackElo "2436"]
[Annotator "Wall,Bill"]
[PlyCount "50"]
[EventDate "2015.01.31"]

1. e4 c5 2. Nf3 e6 3. c3 Nf6 4. e5 Nd5 5. Bc4 d6 6. d4 cxd4 7. cxd4 Nc6 8. O-O
Be7 9. Qe2 O-O 10. Nc3 dxe5 11. dxe5 Nxc3 12. bxc3 Qa5 13. Bd2 Rd8 14. Bd3 Qc7
15. Rad1 b6 16. Qe4 g6 17. Bh6 Bb7 18. Qf4 Rd7 19. Be4 Rad8 20. Rxd7 Rxd7 21.
h4 f6 22. Qg4 Kf7 $2 (22... Nxe5) 23. h5 g5 24. exf6 Bxf6 25. Re1 Ke8 1-0

[Event "Moscow Open"]
[Site "Moscow RUS"]
[Date "2015.02.04"]
[Round "5.15"]
[White "Rail Makhmutov"]
[Black "Aleksandr Shimanov"]
[Result "1-0"]
[WhiteElo "2428"]
[BlackElo "2591"]
[Annotator "Wall,Bill"]
[PlyCount "161"]
[EventDate "2015.01.31"]

1. d4 Nf6 2. c4 c5 3. d5 b5 4. cxb5 a6 5. bxa6 g6 6. Nc3 Bg7 7. e4 O-O 8. Nf3
Qa5 9. Bd2 Bxa6 10. Be2 d6 11. O-O Bxe2 12. Qxe2 Qa6 13. Rfe1 Nbd7 14. Qxa6
Rxa6 15. e5 Ng4 16. exd6 exd6 17. h3 Nge5 18. Nxe5 Nxe5 19. b3 Nd3 20. Re2 Nb4
21. Rd1 Nxa2 22. Nxa2 Rxa2 23. Kf1 Be5 24. b4 Rxd2 25. Rexd2 cxb4 26. Rb1 Bc3
27. Ra2 Kg7 28. Ra6 Rd8 29. Ke2 Kf6 30. f4 h5 31. Kf3 Rd7 32. Rb6 Ke7 33. g4
hxg4+ 34. hxg4 Ra7 35. Rh1 Bd2 36. Rh2 Bc3 37. Ke4 Rc7 38. Ra2 Rc4+ 39. Kf3 Bd4
40. Re2+ Kf8 41. Rxd6 b3 42. Rc6 Rb4 43. Rc8+ Kg7 44. Rc1 b2 45. Rb1 g5 46. d6
Bf6 47. fxg5 Bxg5 48. Rexb2 Rd4 49. Rb6 Bf4 50. d7 Bc7 51. Rb7 Rd3+ 52. Ke4
Rxd7 53. Rc1 Bf4 54. Rxd7 Bxc1 $11 55. Kf5 Bb2 56. Rd6 Bc3 57. Kg5 Bb2 58. Kf4
Bc3 59. Ke4 Bb2 60. Rc6 Bf6 61. Kf5 Bb2 62. Rc7 Bd4 63. g5 Kf8 64. Kg4 Be5 65.
Rb7 Bc3 66. Kh5 Kg8 67. Ra7 Bb2 68. Ra2 Bd4 69. Ra4 Bc3 70. Rf4 Kg7 71. Re4 Bb2
72. Re7 Kg8 (72... Kf8 $11) 73. Rb7 Bc3 74. Rd7 Bb2 75. g6 fxg6+ (75... f6 $11)
76. Kxg6 Kf8 $1 77. Kf5 Bc3 78. Ke6 Bb2 79. Rf7+ Kg8 $1 80. Ke7 Ba3+ $4 (80...
Ba1) (80... Bc3) (80... Bd4) (80... Be5) (80... Bg7) 81. Kf6 (81. Kf6 Bb2+ 82.
Kg6 Bd4 83. Rd7 $18) 1-0